| 000 | 02817nam a2200313 a 4500 | ||
|---|---|---|---|
| 001 | ebr10580148 | ||
| 003 | CaPaEBR | ||
| 006 | m u | ||
| 007 | cr cn||||||||| | ||
| 008 | 120117s2012 njua sb 001 0 eng d | ||
| 010 | _z 2012002022 | ||
| 020 | _z9781118149652 (cloth) | ||
| 020 | _z9781118347836 (e-book) | ||
| 040 |
_aCaPaEBR _cCaPaEBR |
||
| 035 | _a(OCoLC)808346377 | ||
| 050 | 1 | 4 |
_aRB56 _b.D37 2012eb |
| 082 | 0 | 4 |
_a615.7/040724 _223 |
| 100 | 1 |
_aDasgupta, Amitava, _d1958- |
|
| 245 | 1 | 0 |
_aResolving erroneous reports in toxicology and therapeutic drug monitoring _h[electronic resource] : _ba comprehensive guide / _cAmitava Dasgupta. |
| 260 |
_aHoboken, N.J. : _bJohn Wiley & Sons, _cc2012. |
||
| 300 |
_aviii, 457 p. : _bill. |
||
| 504 | _aIncludes bibliographical references and index. | ||
| 505 | 0 | _aAn introduction to tests performed in toxicology laboratories and methodologies available for such testings -- Challenges in drugs of abuse testing -- False positive results in immunoassays for drugs of abuse testing -- True positive drugs of abuse test results due to prescription and non-prescription drugs -- When toxicology report is negative in a suspected overdosed patient : the world of designer drugs -- Abuse of magic mushroom, peyote cactus and solvent : no readily available laboratory tests -- False positive alcohol tests using breath analyzers and automated analyzers -- Role of laboratory in detecting other poisoning including pesticides, ethylene glycol, and methanol -- Poisoning with warfarin and superwarfarin : what laboratory can do? -- Plant poisoning and clinical laboratory -- Sources of erroneous results in therapeutic drug monitoring due to pre-analytical errors, high bilirubin, hemolysis, and heterophilic antibody -- Interferences in immunoassays used for digoxin monitoring -- Interferences in immunoassays used for monitoring anticonvulsants and usefulness of monitoring free anticonvulsants in certain patients -- Interferences in immunoassays used for monitoring tricyclic antidepressant -- Therapeutic drug monitoring of immunosuppressant drugs : limitations of immunoassays and need for chromatographic methods -- Effect of drug-herb interactions on therapeutic drug monitoring -- Pharmacogenomics and toxicology laboratory -- Approaches for eliminating interference/discordant specimen in therapeutic drug monitoring and drugs of abuse testing. | |
| 533 |
_aElectronic reproduction. _bPalo Alto, Calif. : _cebrary, _d2011. _nAvailable via World Wide Web. _nAccess may be limited to ebrary affiliated libraries. |
||
| 650 | 0 | _aDrug monitoring. | |
| 655 | 7 |
_aElectronic books. _2local |
|
| 710 | 2 | _aebrary, Inc. | |
| 856 | 4 | 0 |
_uhttp://site.ebrary.com/lib/rucke/Doc?id=10580148 _zAn electronic book accessible through the World Wide Web; click to view |
| 999 |
_c187797 _d187797 |
||